Cumplimiento de sentencias extranjeras exequatur: eficacia y valor probatorio jurisprudencia y tratados internacionales

Enregistré dans:
Détails bibliographiques
Auteur principal: Monsálvez Müller, Aldo (autor)
Format: Livre
Langue:espagnol
Publié: Santiago Jurídica ConoSur Ltda 1996
Édition:1a. ed
Sujets:
Tags: Ajouter un tag
Pas de tags, Soyez le premier à ajouter un tag!

MARC

LEADER 00000cam a2200000 a 4500
001 UCC4290
003 CL-VaPUC
008 180727e19960000cl |||||||||||||||||spa|d
020 |a 9562380874 
082 0 4 |a 341.026  |b MON  |2 21 
100 |a Monsálvez Müller, Aldo  |e autor  |9 531746 
245 1 0 |a Cumplimiento de sentencias extranjeras exequatur: eficacia y valor probatorio jurisprudencia y tratados internacionales 
250 |a 1a. ed 
300 |a 218 p 
942 |c BK 
945 |d 20180727 12:54:00  |a dcastane 
260 |a Santiago  |b Jurídica ConoSur Ltda  |c 1996 
650 0 |a Derecho internacional privado  |9 256361 
650 7 |a DERECHO PROCESAL INTERNACIONAL  |2 CL-VaPUC  |9 459001 
650 0 |a Relaciones Internacionales  |9 255740 
650 0 |a Tribunales internacionales   |9 256072 
583 |a last modification  |c 20180727 12:54:00  |k Rodrigo Vera 
999 |c 371843  |d 371841 
952 |0 0  |1 0  |3 erb  |4 0  |6 341_026000000000000_MON_1996  |7 0  |8 A  |9 489040  |a BIBDER  |b BIBDER  |e Mateluna Arestizabal, Alfredo Sergio  |i 5483271  |o 341.026 MON 1996  |p 5483271  |r 2023-01-25  |w 2019-11-24  |y BK  |z Catalogado en:20180727  |k DER